000 00488nam a22001577a 4500
005 20251108172018.0
008 250721s1992 xx 000 0 ara d
082 1 4 _a368.32/سيد
100 1 _aعبده، السيدعبد المطلب
245 1 0 _aالتحليل المالي في التأمين على الحياة /
264 1 _aالقاهرة :
_bدار النهضة العربية،
_c1992.
300 _a78ص
650 1 7 _aالتأمين
942 _2ddc
_cBK
999 _c68225
_d68225